Theory of hierarchical, multilevel, systems /

Guardado en:
Autor Principal: Mesarovic, Mihajlo D.
Otros Autores: Macko, D., Takahara, Yasuhiko, 1935-
Formato: Libro
Idioma:English
Publicado: New York : Academic Press, 1970.
Series:Mathematics in science and engineering ; v. 68
Materias:
Etiquetas: Agregar Etiqueta
Sin Etiquetas, Sea el primero en etiquetar este registro!
LEADER 00799cam a22002295a 4500
001 EIQ.libpla001416
008 700619s1970####nyua#####b####001#0#eng#d
005 20061004142717.0
245 1 0 |a Theory of hierarchical, multilevel, systems /  |c [by] M. D. Mesarovic, D. Macko, and Y. Takahara. 
260 |a New York :  |b Academic Press,  |c 1970. 
300 |a xiii, 294 p. :  |b il. ;  |c 24 cm. 
440 0 |a Mathematics in science and engineering ;  |v v. 68 
504 |a Bibliografía: p. 287-289. 
100 1 |a Mesarovic, Mihajlo D. 
700 1 |a Macko, D. 
700 1 |a Takahara, Yasuhiko,  |d 1935- 
082 0 0 |a 001.5/3 
650 4 |a Análisis de sistemas  |x Teoría. 
650 4 |a System analysis  |x Theory. 
010 |a  79117116  
040 |a DLC  |c DLC  |d AR-BbSID 
859 |a AR-BbSID  |b BIB. PLAPIQUI  |h 629.831  |i M 564  |p 1775